000 01610cam a22003977i 4500
001 data
005 20260322212121.0
008 data
035 _a19001111
906 _a7
_bcbc
_ccopycat
_d2
_encip
_f20
_gy-gencatlg
925 0 _aacquire
_b1 shelf copy
_xpolicy default
010 _a 2015458951
020 _a1465444866
020 _a9781465444868
035 _a(OCoLC)910703216
040 _aYDXCP
_beng
_cYDXCP
_erda
_dDLC
_dOCLCQ
_dBDX
_dOCLCQ
_dCLE
_dJRZ
_dVP@
_dOCLCF
_dDLC
042 _alccopycat
050 0 0 _aSB320.4
_b.B83 2016
082 0 4 _a635
_223
100 1 _aBuckingham, Alan,
_eauthor.
245 1 0 _aGrow vegetables /
_cAlan Buckingham ; specialist consultant, Jo Whittingham.
264 1 _aNew York, New York :
_bDK Publishing,
_c2016.
300 _a352 pages :
_billustrations (chiefly color) ;
_c24 cm
336 _atext
_btxt
_2rdacontent
337 _aunmediated
_bn
_2rdamedia
338 _avolume
_bnc
_2rdacarrier
500 _aIncludes index.
505 0 _aVegetable grower's know-how -- Cabbages & leaf vegetables -- Root & stem vegetables -- Peas & beans -- Salads -- Fruiting vegetables -- Cucumbers & squash -- Perennial vegetables -- Herbs -- Vegetable year planner -- Vegetable doctor.
650 0 _aGardening.
650 0 _aVegetable gardening.
650 7 _aGardening.
_2fast
_0(OCoLC)fst00937852
650 7 _aVegetable gardening.
_2fast
_0(OCoLC)fst01164731
700 1 _aWhittingham, Jo,
_econtributor.
856 4 2 _3Publisher description
_uhttp://www.loc.gov/catdir/enhancements/fy1604/2015458951-d.html
999 _c1861
_d1861